00770cam a22002417a 4500003000500000005001700005008004100022010001000063011001000073035001000083040000900093082001400102100003000116245007400146260007400220300001100294490003500305650002100340650003600361650003300397710006300430830003500493CHAP20220329140836.0971013s1976 r 00010 d a58458 a59430 a63588 cCHAP a336.3bS800aSugawara H., Masaeecomp.13aLa deuda pública de España y la economía novohispana, 1804-1809 aMéxico :bINAH. Departamento de Investigaciones Históricas,c1976 a135 p. 0aColección científicav; 2814aDeuda pública.14aHistoria económicaxMéxico.14aMéxicoxHistoriaxColonia.0 aInstituto Nacional de Antropología e Historia. México.0 aColección científicav; 28